Lý thuyết tài chính - tiền tệ

Salvato in:
Dettagli Bibliografici
Autore principale: Lê Thị Mận
Natura: Libro
Lingua:Vietnamese
Pubblicazione: Lao động xã hội 2013
Tags: Aggiungi Tag
Nessun Tag, puoi essere il primo ad aggiungerne! !
Thư viện lưu trữ: Mạng thư viện Đại học Đà Nẵng
LEADER 00648nam a2200253 4500
001 000020334
003 16779
005 20150316110301.0
008 150316s2013 viesd
020 |c 128000 
041 0 |a vie 
082 1 4 |a 332.4  |b LÊ-M 
100 1 |a Lê Thị Mận 
245 1 0 |a Lý thuyết tài chính - tiền tệ  |c Lê Thị Mận (Chủ biên). 
260 |b Lao động xã hội  |c 2013 
300 |a tr.  |c cm. 
OWN |a LSP 
999 |a From the UDN01 
TYP |a Monograph 
TYP |a Printed language 
980 |a Mạng thư viện Đại học Đà Nẵng